000 01033nam a22003257a 4500
003 CHAP
005 20220817041931.0
008 971013s1978 r 00010 d
010 _a29225
011 _a30197
035 _a34309
040 _cCHAP
090 _aFolleto 6332
100 0 0 _aContreras, Carlos.
_927551
245 _aTechnological transformation of developing countries
260 _aLund, University of Lund :
_bResearch Policy Program,
_c1978
300 _a31 p.
490 _aDiscussion paper
_v; 115
590 _aBATCH-UPD
_b10
_c20130110
_lUCH01
_h1025
590 _aBATCH-UPD
_b10
_c20130410
_lUCH01
_h0630
590 _aBATCH-UPD
_b10
_c20130914
_lUCH01
_h1149
590 _aCONVERSION
_b10
_c20130109
_lUCH01
_h1317
650 1 4 _aDesarrollo económico.
650 1 4 _aPaíses subdesarrollados
_xCondiciones económicas.
_985152
650 1 4 _aTecnología.
_9111937
830 0 _aDiscussion paper
_v; 115
_932718
901 _aBK
942 _cFOLL
949 _aFolleto 6332
_bBC
_cFOLL
_d-79496
_eTS1
_i34309
_mD
_si
999 _c29225
_d29225